| 000 | 01057nam a22003135i 4500 | ||
|---|---|---|---|
| 001 | 11441 | ||
| 003 | ES-MaACL | ||
| 005 | 20230906150113.0 | ||
| 007 | t| | ||
| 008 | 921104s1992 sp ||||0| spa j | ||
| 020 | _a84-7100-361-9 | ||
| 040 |
_aM-BN _bspa _cM-BN |
||
| 080 | _a946.035.3 S | ||
| 080 | _a711.4(460.353 S.)(091) | ||
| 245 | 0 | 0 |
_aSevilla / _cAntonio García-Baquero (coord.), Antonio Collantes de Terán, Antonio Miguel Bernal, Manuel Trillo. |
| 260 |
_aMadrid : _bMAPFRE, _c[1992] |
||
| 300 |
_a363 p : _bil ; _c23 cm. |
||
| 490 | 1 |
_aColección Ciudades de Iberoamérica ; _v8 |
|
| 500 | _aIndice. | ||
| 504 | _aBibliografía: p. [347]-351. | ||
| 651 | 4 |
_aSevilla- _xHistoria. _99387 |
|
| 651 | 4 |
_aUrbanismo- _zSevilla- _vHistoria. _9179084 |
|
| 700 | 1 |
_aCollantes de Terán Sánchez, Antonio. _939671 |
|
| 700 | 1 |
_aBernal, Antonio Miguel. _928174 |
|
| 700 | 1 |
_aTrillo de Leyva, Manuel. _9111435 |
|
| 830 | 0 |
_aColección Ciudades de Iberoamérica ; _v8 _9179074 |
|
| 852 |
_aES-MaACL _jL-18766 _bR.124042 |
||
| 999 |
_c11441 _d11441 |
||